000 00303 a2200133 4500
000 nam a22 7a 4500
100 _aSullivan, Asher
110 _aSullivan, Asher
245 _aInternational Law
250 _aLatest edition
260 _bOxford
_c2025
264 _bOxford
_c2025
942 _cBK
999 _c396192
_d396192